Arte de hacer el papel, según se práctica en Francia y Holanda, en la China y en el Japón (Record no. 88467)

MARC details
000 -LEADER
campo de control de longitud fija 00885nam a2200229 i 4500
001 - NÚMERO DE CONTROL
campo de control 88467
003 - IDENTIFICADOR DE NÚMERO DE CONTROL
campo de control ES-MaACL
005 - FECHA Y HORA DE LA ÚLTIMA TRANSACCIÓN
campo de control 20250928124219.0
007 - CAMPO FIJO DE DESCRIPCIÓN FÍSICA--INFORMACIÓN GENERAL
campo de control de longitud fija t|
008 - DATOS DE LONGITUD FIJA--INFORMACIÓN GENERAL
campo de control de longitud fija 050104s1968 sp ||||1| spa d
080 ## - NÚMERO DE LA CLASIFICACIÓN DECIMAL UNIVERSAL
Número de la Clasificación Decimal Universal 676
100 1# - ENTRADA PRINCIPAL--NOMBRE DE PERSONA
Nombre de persona La Lande, Jérôme de.
9 (RLIN) 69162
245 10 - MENCIÓN DEL TÍTULO
Título Arte de hacer el papel, según se práctica en Francia y Holanda, en la China y en el Japón
Resto del título : descripciones de su origen /
Mención de responsabilidad, etc. por Jérôme de La Lande ; traducido por Miguel Geronymo Suárez y Núñez.
250 ## - MENCION DE EDICION
Mención de edición Ed. facsímil.
260 ## - PUBLICACIÓN, DISTRIBUCIÓN, ETC.
Lugar de publicación, distribución, etc. [Madrid :
Nombre del editor, distribuidor, etc. Espasa Calpe,
Fecha de publicación, distribución, etc. 1968]
300 ## - DESCRIPCIÓN FÍSICA
Extensión 284 p., 15 lám. ;
Dimensiones 22 cm.
500 ## - NOTA GENERAL
Nota general Reprod. de la ed. de Madrid : Pedro Marin, 1778.
650 #4 - PUNTO DE ACCESO ADICIONAL DE MATERIA--TÉRMINO DE MATERIA
Término de materia o nombre geográfico como elemento de entrada Papel-
Subdivisión general Fabricación-
Subdivisión de forma Obras anteriores a 1800.
9 (RLIN) 145201
700 1# - ENTRADA AGREGADA--NOMBRE PERSONAL
Nombre de persona Suárez y Núñez, Miguel Jerónimo,
Fechas asociadas al nombre m. 1791
9 (RLIN) 132944
852 ## - LOCALIZACIÓN
Ubicación ES-MaACL
Número de control de estantería C-47411
Sublocalización o colección R.68271
Holdings
Estatus retirado Estado de pérdida Estado de daño No para préstamo Biblioteca de origen Biblioteca actual Ubicación en estantería Fecha de adquisición Fuente de adquisición Total de préstamos Signatura topográfica completa Código de barras Visto por última vez Precio de reemplazo Tipo de ítem Koha
        Biblioteca del Ateneo de Madrid Biblioteca del Ateneo de Madrid Depósito 2 17/01/2008     C-47411 1092411 23/02/2023 23/02/2023 Libro impreso